000 00370nam a2200145Ia 4500
008 240624s9999 xx 000 0 und d
041 _aeng
082 _a302.3 ACU
100 _aACUFF FRANK L
245 _aHOW TO NEGOTIATE ANYTHING WITH ANYONE AN
250 _a(3rd ed.)
260 _c2008
_aNew York
_bAMACOM
300 _axii, : 307 : p. : cm. ; 22
365 _c
_b25
999 _c22361
_d22361